| 000 | 03205cam a22012374i 4500 | ||
|---|---|---|---|
| 003 | PE-LiUPU | ||
| 005 | 20250813185339.0 | ||
| 008 | 161007s2008 pe b rb 000 0 spa d | ||
| 020 | _a9972332799 | ||
| 020 | _a9972339025 | ||
| 020 | _a9789972339028 | ||
| 035 | _a(Sirsi) a164309 | ||
| 040 |
_aPE-LiUPU _bspa _cPE-LiUPU _erda |
||
| 082 | 0 | 4 |
_a364.1323 _bP21 _220 |
| 100 | 1 |
_aPalomino, Teodosio A. , _d1938- , _autor. |
|
| 245 | 1 | 0 |
_a¡Su majestad! : la corrupción / _cTeodosio A. Palomino Ramírez. |
| 264 | 1 |
_aLima: _c2006. |
|
| 300 |
_a185 páginas : _bilustraciones ;c21 centímetros |
||
| 336 |
_atext _2rdacontent |
||
| 337 |
_aunmediated _2rdamedia |
||
| 338 |
_avolume _2rdacarrier |
||
| 504 | _aBibliografía: páginas 16-170. | ||
| 505 | 0 | _aEl analfabetismo -- El desempleo -- La pobreza -- El hombre -- La prostitución y tratas de blancas -- El balicismo y tráfico de armas -- El tráfico de drogas y la drogadicón -- El contrabando -- El crimen organizado -- Contaminación ambiental -- La envidia . | |
| 526 | _aP202 | ||
| 526 | _aP201 | ||
| 526 | _aP163 | ||
| 526 | _aP162 | ||
| 526 | _aP161 | ||
| 526 | _aP160 | ||
| 526 | _aP148 | ||
| 526 | _aP147 | ||
| 526 | _aP146 | ||
| 526 | _aP145 | ||
| 526 | _aP144 | ||
| 526 | _aP143 | ||
| 526 | _aP142 | ||
| 526 | _aP141 | ||
| 526 | _aP140 | ||
| 526 | _aP139 | ||
| 526 | _aP138 | ||
| 526 | _aP137 | ||
| 526 | _aP136 | ||
| 526 | _aP135 | ||
| 526 | _aP134 | ||
| 526 | _aP133 | ||
| 526 | _aP129 | ||
| 526 | _aP128 | ||
| 526 | _aP127 | ||
| 526 | _aP120 | ||
| 526 | _aP119 | ||
| 526 | _aP118 | ||
| 526 | _aP116 | ||
| 526 | _aP115 | ||
| 526 | _aP114 | ||
| 526 | _aP110 | ||
| 526 | _aP109 | ||
| 526 | _aP108 | ||
| 526 | _aP104 | ||
| 526 | _aP103 | ||
| 526 | _aP102 | ||
| 526 | _aP99 | ||
| 526 | _aP98 | ||
| 526 | _aP97 | ||
| 526 | _aP96 | ||
| 526 | _aP95 | ||
| 526 | _aP93 | ||
| 526 | _aP90 | ||
| 526 | _aP89 | ||
| 526 | _aP88 | ||
| 526 | _aP83 | ||
| 526 | _aP82 | ||
| 526 | _aP62 | ||
| 526 | _aP59 | ||
| 526 | _aP58 | ||
| 526 | _aP57 | ||
| 526 | _aP51 | ||
| 526 | _aP49 | ||
| 526 | _aP48 | ||
| 526 | _aP47 | ||
| 526 | _aP29 | ||
| 526 | _aP24 | ||
| 526 | _aP20 | ||
| 526 | _aP19 | ||
| 526 | _aP17 | ||
| 526 | _aP15 | ||
| 526 | _aP14 | ||
| 526 | _aP12 | ||
| 526 | _aP10 | ||
| 526 | _aP09 | ||
| 526 | _aP08 | ||
| 526 | _aP07 | ||
| 526 | _aP06 | ||
| 526 | _aP05 | ||
| 526 | _aP04 | ||
| 526 | _aP01 | ||
| 650 | 0 | 4 | _aCorrupción. |
| 650 | 0 | 4 | _aAspectos sociales. |
| 650 | 0 | 4 | _aCorrupción administrativa |
| 650 | 0 | 4 | _aDelito. |
| 910 |
_ajck _bjos _cjck _d20161017 |
||
| 942 |
_2ddc _cBOOK |
||
| 949 |
_a364.1323 P21 _wDEWEY _c1 _i75049 _lCATALOGING _mBUL _p10.00 _r0 _sY _tBOOK _u2016-10-17 _xFCE _PP04 _0COMPRA _o.CIRCNOTE. El documento es de alto precio. _o.STAFF.Colección Ciencias Empresariales |
||
| 596 | _a1 | ||
| 999 |
_a364.1323 P21 _wLC _c13137 _i75049 _d13137 _f2021-11-8 _g6 _lCCODEBUL1 _mBUL _p10.00 _q1 _r0 _sY _tBOOK _u2016-10-17 _xEDUCACION _PP01 _0COMPRA _o.STAFF. Colección Ciencias Empresariales |
||
| 980 |
_81 _gALBERTO SANCHEZ Responsable de Automatización |
||